UBT Library

DRUG WAR POLITICS THE PRICE OF DENIAL (Record no. 60233)

000 -LEADER
fixed length control field 00339nam a22001457a 4500
008 - FIXED-LENGTH DATA ELEMENTS--GENERAL INFORMATION
fixed length control field 230901b ||||| |||| 00| 0 eng d
020 ## - INTERNATIONAL STANDARD BOOK NUMBER
International Standard Book Number 9780520205987
041 ## - LANGUAGE CODE
Language code of text/sound track or separate title eng
080 ## - UNIVERSAL DECIMAL CLASSIFICATION NUMBER
Universal Decimal Classification number 616.053
082 ## - DEWEY DECIMAL CLASSIFICATION NUMBER
Classification number 616.053BER
100 ## - Rafti
Rafti 14
101 ## - Shkurtesa
Shkurtesa PEDIA
245 ## - TITLE STATEMENT
Title DRUG WAR POLITICS THE PRICE OF DENIAL
Statement of responsibility, etc BERTRAM.E
942 ## - ADDED ENTRY ELEMENTS (KOHA)
Source of classification or shelving scheme
Item type Books
Holdings
Withdrawn status Lost status Source of classification or shelving scheme Damaged status Not for loan Collection code Permanent location Current location Date acquired Total Checkouts Full call number Barcode Date last seen Price effective from Koha item type
          Koleksioni i përgjithshem UBT - Lipjan UBT - Lipjan 09/01/2023   616.053BER 002-800070150 09/01/2023 09/01/2023 Books
UBT Library © 2015-2024. All rights reserved University Education for Business and Technology